000 00544nam a22001937a 4500
005 20220803142407.0
008 220803b ||||| |||| 00| 0 eng d
040 _cAL
041 _aEnglish
082 _223
_a940.5354
_bALLC
100 _aAll India congress committee
_954631
245 _aCongress and War Crisis
260 _aAllahabad
_bAll India Congress Committee
_c1939
300 _a179 p.
_bPB
_c21x13 cm.
650 _aCongress
_954632
650 _aWar
_954633
700 _aALL INDIA CONGRESS COMMITTEE
_954634
942 _2ddc
_cGF
999 _c224416
_d224416